Interrogatng citizenship (Record no. 506196)

000 -LEADER
fixed length control field 00448nam a2200157Ia 4500
008 - FIXED-LENGTH DATA ELEMENTS--GENERAL INFORMATION
fixed length control field 181130s2018 xx 000 0 und d
100 ## - MAIN ENTRY--PERSONAL NAME
Personal name Pandey, Deepak Kumar
245 ## - TITLE STATEMENT
Title Interrogatng citizenship
Remainder of title a glimpse of Vantangia community
260 ## - PUBLICATION, DISTRIBUTION, ETC.
Date of publication, distribution, etc. 2018
300 ## - PHYSICAL DESCRIPTION
Extent p.77-83.
504 ## - BIBLIOGRAPHY, ETC. NOTE
-- Jan-Jun
650 ## - SUBJECT ADDED ENTRY--TOPICAL TERM
Topical term or geographic name entry element Citizenship
650 ## - SUBJECT ADDED ENTRY--TOPICAL TERM
Topical term or geographic name entry element Vantangia community
773 ## - HOST ITEM ENTRY
Main entry heading South Asian Journal of Socio-Political Studies
906 ## - LOCAL DATA ELEMENT F, LDF (RLIN)
a Citizenship
Holdings
Withdrawn status Lost status Damaged status Not for loan Permanent Location Current Location Date acquired Serial Enumeration / chronology Barcode Date last seen Price effective from Koha item type
        Indian Institute of Public Administration Indian Institute of Public Administration 2018-12-07 18(2), Jan-Jun, 2018: p.77-83. AR117991 2018-12-07 2018-12-07 Articles

Powered by Koha